[Event "Sofia MGU op 209th"]
[Site "Sofia"]
[Date "2018.03.11"]
[Round "4"]
[White "Banov, Encho Denev"]
[Black "Iliev, Dimitar"]
[Result "0-1"]
[WhiteElo "1332"]
[BlackElo "2145"]
[PlyCount "63"]
[EventDate "2018.03.10"]
[EventType "swiss"]
[EventRounds "6"]
[EventCountry "BUL"]
[SourceTitle "CBM 183 Extra"]
[Source "ChessBase"]
[SourceDate "2018.04.19"]
[SourceVersion "1"]
[SourceVersionDate "2018.04.19"]
[SourceQuality "1"]

1. d4 d6 2. c4 c6 3. Nc3 e5 4. Nf3 Qc7 5. e3 Nf6 6. Bd3 Be7 7. 0-0 Bg4 8. Be2 0-0 9. e4 Nbd7 10. d5 c5 11. Bd2 a6 12. Na4 Nxe4 13. b4 Nxd2 14. Qxd2 Bxf3 15. Bxf3 b5 16. Nb2 cxb4 17. Rac1 bxc4 18. Rxc4 Qa5 19. Ra1 Nc5 20. Qxb4 Qxb4 21. Rxb4 Rab8 22. Rxb8 Rxb8 23. Nc4 Rb4 24. Na5 Ra4 25. Nc6 Bf8 26. h3 g6 27. Rb1 Rxa2 28. Rb8 e4 29. Ne7+ Kg7 30. Nf5+ gxf5 31. Be2 Rxe2 32. Rb4 0-1